<Das> System INTEREGIO - ein Beispiel für P-P-P in Projekten für regionale Entwicklung

Projektový manažérsky systém INTEREGIO. Príklad verejno-súkromného partnerstva (Public Private Partnership) medzi verejnou správou a dvomi univerzitami.

Na minha lista:
Detalhes bibliográficos
Autor principal: Filo, Peter
Outros Autores: Dohňanská, Elena
Formato: Capítulo de Livro
Idioma:alemão
Assuntos:
Tags: Adicionar Tag
Sem tags, seja o primeiro a adicionar uma tag!

MARC

LEADER 00000naa$a2200000$$$4500
001 0104813
005 20240502072142.3
041 0 |a ger 
044 |a SK 
245 1 0 |a <Das> System INTEREGIO - ein Beispiel für P-P-P in Projekten für regionale Entwicklung  |c Peter Filo, Elena Dohňanská 
520 |a Projektový manažérsky systém INTEREGIO. Príklad verejno-súkromného partnerstva (Public Private Partnership) medzi verejnou správou a dvomi univerzitami. 
610 2 0 |a projekty 
610 2 0 |a projekty investičné 
610 2 0 |a riadenie projektové 
610 2 0 |a rozvoj územný 
610 2 0 |a regióny 
610 2 0 |a partnerstvo verejno-súkromné 
100 1 |a Filo, Peter 
700 1 |a Dohňanská, Elena